<?xml version="1.0" encoding="UTF-8"?>
<marc:record xmlns:marc="http://www.loc.gov/MARC21/slim">
   <marc:leader>00000nam a2200000 a 4500</marc:leader>
   <marc:datafield ind1="1" ind2=" " tag="100">
      <marc:subfield code="a">Preis, Robert</marc:subfield>
      <marc:subfield code="4">aut</marc:subfield>
      <marc:subfield code="e">Verfasser/-in</marc:subfield>
   </marc:datafield>
   <marc:datafield ind1="0" ind2="0" tag="245">
      <marc:subfield code="a">Gottesplagen</marc:subfield>
   </marc:datafield>
   <marc:datafield ind1=" " ind2="1" tag="264">
      <marc:subfield code="b">Emons Verlag GmbH</marc:subfield>
      <marc:subfield code="c">2023</marc:subfield>
   </marc:datafield>
   <marc:datafield ind1="1" ind2=" " tag="520">
      <marc:subfield code="a">1463, Stjepan Tomasevic, der letzte Despot Serbiens und König von Bosnien, wird von osmanischen Riéitern enthauptet. Seine hochschwangere Frau Helena beobachtet die Ermordung und kann mit einem kleinen Gefolge fliehen. Hilfe erhält sie auch von Pilger namens Johannes, der sie Richtung Norden ins sichere Graz führen will.</marc:subfield>
   </marc:datafield>
   <marc:datafield ind1=" " ind2=" " tag="020">
      <marc:subfield code="a">9783740819453</marc:subfield>
      <marc:subfield code="9">9783740819453</marc:subfield>
   </marc:datafield>
</marc:record>
